Anger. (Record no. 2921)
[ view plain ]
| 000 -CABECERA | |
|---|---|
| campo de control de longitud fija | 00749ngm a2200193 a 4500 |
| 005 - FECHA Y HORA DE LA ÚLTIMA TRANSACCIÓN | |
| campo de control | 20220819120220.0 |
| 008 - ELEMENTOS DE LONGITUD FIJA--INFORMACIÓN GENERAL | |
| campo de control de longitud fija | 991125s1976 ea 008 d daspa u |
| 035 ## - NÚMERO DE CONTROL DEL SISTEMA | |
| Número de control de sistema | UPN01000002921 |
| 049 ## - COLECCIÓN | |
| Colección | AV |
| 050 #4 - SIGNATURA TOPOGRÁFICA DE LA BIBLIOTECA DEL CONGRESO | |
| Número de clasificación | PVI B 0411 |
| 245 00 - MENCIÓN DE TÍTULO | |
| Título | Anger. |
| 260 ## - PUBLICACIÓN, DISTRIBUCIÓN, ETC. | |
| Lugar de publicación, distribución, etc. | California [E.U.A.] : |
| Nombre del editor, distribuidor, etc. | AIMS MEDIA, |
| Fecha de publicación, distribución, etc. | 1976. |
| 300 ## - DESCRIPCIÓN FÍSICA | |
| Extensión | 1 videocasete (VHS) (08 min.) : |
| Otras características físicas | son., col. |
| 500 ## - NOTA GENERAL | |
| Nota general | Anexo: guía en inglés con información sobre el contenido |
| 520 ## - NOTA DE RESUMEN, ETC. | |
| Sumario, etc. | Presenta la historia de un niño que compra un radio y su vida gira entorno al aparato, cuando éste se descompone culpa a los demás por esto y descarga su ira con su familia y amigos |
| 650 #7 - ASIENTO SECUNDARIO DE MATERIA - TERMINO TEMATICO | |
| Término de materia o nombre geográfico como elemento de entrada | Actitud (Psicología) |
| Fuente del encabezamiento o término | |
| 9 (RLIN) | 125 |
| 650 #4 - ASIENTO SECUNDARIO DE MATERIA - TERMINO TEMATICO | |
| Término de materia o nombre geográfico como elemento de entrada | CONTROL (PSICOLOGIA) |
| 9 (RLIN) | 12350 |
| 905 ## - TIPO DE MATERIAL | |
| Tipo de material | Audiovisuales |
| Estado de retiro | Estado de pérdida | Fuente del sistema de clasificación o colocación | Estado dañado | No para préstamo | Código de colección | Localización permanente | Ubicación/localización actual | Ubicación en estantería | Total de préstamos | Clasificación | Código de barras | Fecha visto por última vez | Número de copia | Tipo de ítem Koha |
|---|---|---|---|---|---|---|---|---|---|---|---|---|---|---|
| Library of Congress Classification | Audiovisuales | Bib. Gregorio Torres Quintero | Bib. Gregorio Torres Quintero | Audiovisual | PVI B 0411 | 0411PVI | 31/12/2020 | 1 | Videocasete |
